I Prevail Charting Songs (Billboard Hot Rock) - Statistics

General Stats
  • This quiz has been taken 39 times
    16 since last reset
  • The average score is 7 of 12
Answer Stats
Album Weeks On Peak Artist(s) Song % Correct
Trauma 22 Weeks #10 I Prevail Hurricane
90%
Trauma 7 Weeks #32 I Prevail Bow Down
80%
True Power 3 Weeks #37 I Prevail Bad Things
70%
Lifelines 1 Week #39 I Prevail Scars
70%
Heart vs. Mind 20 Weeks #9 I Prevail Blank Space
60%
Trauma 23 Weeks #24 I Prevail Breaking Down
60%
True Power 2 Weeks #34 I Prevail Deep End
60%
Non-Album Single 2 Weeks #36 I Prevail & Joyner Lucas DOA
60%
Trauma 5 Weeks #42 I Prevail ft. Delaney Jane Every Time You Leave
60%
Trauma 1 Week #49 I Prevail Paranoid
50%
Lifelines 15 Weeks #25 I Prevail Alone
40%
Lifelines 1 Week #40 I Prevail Stuck In Your Head
30%
No matching quizzes found
Score Distribution
Percent of People with Each Score
Percentile by Number Answered
Your Score History
You have not taken this quiz since the last reset